01374nam a2200301 i 4500001001000000003000900010005001700019007000300036008004100039020001500080040003000095082001400125100003500139245012600174264003600300300002800336336002700364337003300391338002800424500007300452504003200525590002600557942001400583952012800597952013300725952019700858999001701055000027724DO-SdBNP20240509094150.0ta110404s1994 dr 000 0 spa d a8460504395 aDO-SdBNPbspacBNPHUerda 4bR831p2221 aRossi, Máximo,954799eautor10aPraxis, historia y filosofía en el siglo XVIII :btextos de Antonio Sánchez Valverde (1729-90) /cMáximo Rossi, JR. aSanto Domingo :bTaller,c1994. a213 páginas ;c24 cm. 2rdacontentatextobtxt 2rdamediaasin mediaciónbn 2rdacarrieravolumenbnc aIncluye referencias bibliográficas y notas al pie de las páginas aBibliografía : p. 189-213 aInventariado, 2024/BT 2ddccLBS1 00102ddc51708PDaBNPHUbBNPHUcCTd2011-04-04l0oBNPHU PD R831pp27724-10r2020-06-25w2020-06-25yLBS1ZNo se presta 00102ddc51708PDaBNPHUbBNPHUcCTd2011-04-05l0oBNPHU PD R831pp27724-20r2020-06-25te. 2w2020-06-25yLBS1ZNo se presta 00102ddc56708DSaBNPHUbBNPHUcCTd2024-05-09eDonaciónl0oBNPHU DS R831pp2024-2844r2024-05-09te.3w2024-05-09yLBS1zPerteneció a la biblioteca personal de Emilio Cordero Michel. c27216d27216